| 000 | 01566nam a2200313 c 4500 | ||
|---|---|---|---|
| 999 |
_c185319 _d185319 |
||
| 003 | BLK | ||
| 005 | 20240405005400.0 | ||
| 008 | 180411b bul|||||r ||||||| ||bul|| | ||
| 010 | _aKNG00194312000 | ||
| 040 | _aBLK | ||
| 041 |
_aBUL _cBUL |
||
| 080 |
_aИздания на конгреси, конференции, събрания _b329(063) _x(497.2)БКП _z329(063)(497.2)БКП |
||
| 100 |
_aЖивков, Тодор Христов _d1911 - 1998 _gБългарски политик, БКП. Първи секретар и генерален секретар на ЦК на БКП, председател на Министерския съвет и председател на Държавния съвет на НРБ _9365041 |
||
| 139 |
_aЖивков, Тодор Христов _bЖ 48 |
||
| 245 | 1 | 0 |
_aНякои практически мерки и подходи за по-нататъшното осъществяване решенията на Юлския пленум на ЦК на БКП _bДокл. на пленума на ЦК на БКП 13 ноем. 1987 г. _cТодор Христов Живков. |
| 257 | _aBGR | ||
| 260 |
_bПартиздат _c1987 |
||
| 300 |
_a64 с. _c20 см |
||
| 380 | _a3 | ||
| 500 | _a100 110 тир. | ||
| 650 | 4 |
_aБКП - конгреси, пленуми, конференции _9274639 |
|
| 852 | _aЦб 150605 | ||
| 856 | 4 | _qpdf | |
| 856 | 4 | _qpdf | |
| 942 |
_cKNG _n0 _s1 |
||
| 944 |
_aCR _c24.10.2016 _k _lCRON CRON |
||
| 944 |
_aED _c24.10.2016 _kПравда_Бадева |
||
| 999 | _d185319 | ||